Sports Quiz

Random Sports or University Quiz

NCAA Basketball 2011: Duke University Quiz Stats

Quiz Updated Oct 18, 2016

Challenge
Share
Tweet
Score 0/22 Timer 05:00
2 Plays Today
Hint Answers % Correct
NicknameBlue Devils
95.5%
ConferenceAtlantic Coast Conference
94.7%
ColorsDuke Blue and White
92.6%
Basketball ArenaCameron Indoor Stadium
75%
CityDurham, North Carolina
75%
ForwardMason Plumlee
69.5%
ForwardMiles Plumlee
69.3%
GuardNolan Smith
65.7%
CoachMike Krzyzewski
65.5%
ForwardKyle Singler
65.1%
Highest NBA Scoring AlumGrant Hill
60.8%
Hint Answers % Correct
GuardKyrie Irving
56.7%
GuardSeth Curry
53.8%
All-time Leading Scorer (2,769 points)J.J. Redick
53.1%
GuardAndre Dawkins
42.8%
ForwardRyan Kelly
38.9%
GuardTyler Thornton
23.1%
ForwardJoshua Hairston
17.1%
2nd Round OpponentHampton
16.3%
GuardCasey Peters
9.5%
ForwardTodd Zafirovski
6.1%
GuardDavid Mayer
4%

You're not logged in!

Compare scores with friends on all Sporcle quizzes.
Sign Up with Email
OR
Log In

Show Comments

Extras

Top Quizzes Today


Score Distribution

Your Account Isn't Verified!

In order to create a playlist on Sporcle, you need to verify the email address you used during registration. Go to your Sporcle Settings to finish the process.